000 00266nam a22001097a 4500
008 160519b xxu||||| |||| 00| 0 eng d
020 _a0721644341
041 _aeng
080 _a618.2
245 _aSports injuries:
_cJames G. Garrick; David R. Webb;
942 _2udc
_cBK
999 _c2261
_d2261